đź“– 150 premiers mots "Au bonheur des ogres" Daniel Pennac - Statistiques

Statistiques générales
  • Ce quiz a Ă©tĂ© pris 16 fois
  • Le rĂ©sultat moyen est 73 sur 150
Statistiques - réponses
Mots % Correct
Ă 
100%
c'
100%
de
100%
et
100%
le
100%
Malaussène
100%
Miss
100%
-Monsieur
100%
s'
100%
des
92%
est
92%
Hamiltion
92%
Hamilton.
92%
il
92%
j'
92%
J'
92%
La
92%
la
92%
un
92%
Un
92%
un,
92%
au
85%
au-
85%
du
85%
En
85%
en
85%
je
85%
les
85%
-N'
85%
Une
85%
une
85%
par
77%
se
77%
Magasin
69%
Pas
69%
pas
69%
y
69%
comme
62%
si
62%
tout
62%
tout,
62%
bureau
54%
dans
54%
fait
54%
qui
54%
demandé
46%
enfants
46%
Nous
46%
Réclamations.
46%
voix
46%
24
38%
Bon,
38%
cadeaux
38%
heures
38%
Noël
38%
Noël !
38%
Noël,
38%
Père
38%
seize
38%
sommes
38%
aie
31%
décembre,
31%
ĂŞtre
31%
moi,
31%
peur,
31%
peut-
31%
quinze,
31%
vois
31%
allées.
23%
dessus ...
23%
haut
23%
vais.
23%
clients
15%
foule
15%
mettaient
15%
parleur,
15%
pères
15%
photos
15%
tendre
15%
tombe
15%
arriverai
8%
bourré.
8%
brouillard
8%
brume,
8%
chéri,
8%
derrière
8%
écrasés
8%
épaisse
8%
féminine
8%
Flashes.
8%
glacier
8%
léger
8%
mariée.
8%
obstrue
8%
parler.
8%
perçois
8%
Pourtant,
8%
prochaine.
8%
prometteuse
8%
semaine
8%
sourire
8%
sourire.
8%
voile
8%
crispés,
0%
dresse
0%
écoule
0%
gigantesque
0%
haineux,
0%
happés
0%
hurlements
0%
hydrophiles.
0%
imperceptiblement,
0%
injures
0%
légère
0%
luisante,
0%
nervosité.
0%
regards
0%
sombre
0%
sourdes,
0%
Sourires
0%
sueur
0%
terrifiés
0%
translucide,
0%
Aucun quiz correspondant
Distribution des résultats
% des personnes avec chaque résultat
Percentile par nombre de réponses
Votre historique - résultats
Vous n’avez pas pris ce quiz